Central Library OPAC University of Rajshahi

Soviet power engineering : (Record no. 28324)

MARC details
000 -LEADER
fixed length control field 00841nam a2200217 a 4500
001 - CONTROL NUMBER
control field 28324
003 - CONTROL NUMBER IDENTIFIER
rucl marc code BD-RjUL
005 - DATE AND TIME OF LATEST TRANSACTION
control field 20211209051251.0
008 - FIXED-LENGTH DATA ELEMENTS--GENERAL INFORMATION
fixed length control field 140330s1988 rur 100 0 eng d
035 ## - SYSTEM CONTROL NUMBER
System control number (BD-RjUL)28405
040 ## - CATALOGING SOURCE
Original cataloging agency UkOxU
Language of cataloging eng
Transcribing agency UkOxU
Modifying agency BD-RjUL
041 1# - LANGUAGE CODE
Language code of text/sound track or separate title eng
Language code of original rus
082 ## - DEWEY DECIMAL CLASSIFICATION NUMBER
Classification number 947
Author mark and year SOV 1988
245 00 - TITLE STATEMENT
Title Soviet power engineering :
Remainder of title problems and prospects : an APN-sponsored round-table discussion by prominent scientists and specialists /
Statement of responsibility, etc. edited by Anatoli Alexandrov ; authors: Anatoli Alexandrov ... [et al.]
260 ## - PUBLICATION, DISTRIBUTION, ETC. (IMPRINT)
Place of publication, distribution, etc. Moscow :
Name of publisher, distributor, etc. Novosti Press Agency Pub. House,
Date of publication, distribution, etc. 1988
300 ## - PHYSICAL DESCRIPTION
Pagination 93 p., 16 p. of plates :
Illustrations ill. ;
Size 19 cm
650 #0 - SUBJECT ADDED ENTRY--TOPICAL TERM
Topical term or geographic name as entry element Power (Mechanics)
Geographic subdivision Soviet Union
9 (RLIN) 86749
700 1# - ADDED ENTRY--PERSONAL NAME
Personal name Alexandrov, Anatoli.
942 ## - ADDED ENTRY ELEMENTS (KOHA)
Source of classification or shelving scheme Dewey Decimal Classification
Koha item type Books
Holdings
Lost status Source of classification or shelving scheme Damaged status Not for loan Collection code Permanent Location Current Location Shelving location Date acquired Source of acquisition Total Checkouts Full call number Date last seen Copy number Koha item type
  Dewey Decimal Classification   Added to bundle Non-fiction Central Library, University of Rajshahi Central Library, University of Rajshahi Reading Room 05/08/1989 Asia foundation   947 SOV 1988 30/03/2014 C-1 Books